000 00429nam a2200133Ia 4500
008 100328s9999 xx 000 0 und d
082 _b21431
100 _aवरेरकर भार्गवराम विठ्ठल
245 _aविावा कुमारी
260 _bरामकृष्ण
630 _aविावा कुमारी
730 _aविावा कुमारी
942 _cBOOK
999 _c515456
_d515453